| 000 | 00571nam a2200169 a 4500 | ||
|---|---|---|---|
| 001 | 000037759 | ||
| 005 | 20240229073833.0 | ||
| 008 | 130305s2012 dr a 000 0 spa d | ||
| 020 | _a9789945164800 | ||
| 040 |
_aDO-SdBNP _bspa _cBNPHU |
||
| 082 |
_axxxx _bxxxx |
||
| 100 | 1 |
_aPérez-Inchaustegui, Josefina _955372 |
|
| 245 | 1 | 3 |
_aLa luz de Cristo : _bpoemas religiosos cristianos / _cJosefina Pérez-Inchaustegui ; prólogo Mateo Morrison. |
| 260 |
_aSanto Domingo, : _bBúho, _c2012. |
||
| 300 |
_a67 p. : _bil. ; _c16 cm. |
||
| 700 | 1 |
_aMorrison, Mateo, _d1947- _epról. _91469 |
|
| 999 |
_c37249 _d37249 |
||